000 00562nam a2200181 a 4500
005 20210219152726.0
008 991125s195? uru 000 0 spa u
035 _aUPN01000059596
049 _aAcervo histórico
245 0 _aBOLETIN INFORMATIVO - CONSEJO NACIONAL DE ENSEÑANZA PRIMARIA Y NORMAL
260 _aUruguay :
_bConsejo Nacional de Enseñanza Primaria y Normal,
_c195?
310 _aMensual
362 _a1957 5 (8,9,10)
362 _a1958 6 (1,2,4,5,6,7,8,9,10)
362 _a1959 7 (2,3,4,5,6,7,8)
904 _aAC
_b000328
905 _aRevista
999 _c59536
_d59536